Normal view
MARC view
- Reddy, Santha
Entry Personal Name
001 - CONTROL NUMBER
- control field: 42696
003 - CONTROL NUMBER IDENTIFIER
- control field: OSt
005 - DATE AND TIME OF LATEST TRANSACTION
- control field: 20220806101233.0
008 - FIXED-LENGTH DATA ELEMENTS
- fixed length control field: 220806|| aca||aabn | a|a d
040 ## - CATALOGING SOURCE
- Original cataloging agency: OSt
- Transcribing agency: OSt
100 ## - HEADING--PERSONAL NAME
- Personal name: Reddy, Santha
670 ## - SOURCE DATA FOUND
- Source citation: Work cat.: (OSt)25439: Reddy, Santha, Constitutional Legal Rights Of Women In India, 1995